000 00320nam a22001337a 4500
999 _c11210
_d11210
003 OSt
008 220511b ||||| |||| 00| 0 eng d
020 _a9780198061830
100 _aKHARATE,G.K.
245 _aDigital Electronics
260 _aNew Delhi
_bOxford University Prees
_c2014
300 _a667
942 _2ddc
_cBK